000 00728cam a2200229 4500
001 WB3619-40
008 000000n2000 000 0 eng u
035 _a(Sirsi) u105996
245 _aMovers and shakers
260 _c2000
490 _aGuardian
_v 17 May 2000, 5(2)
520 _aDiscusses the questions surrounding translocation, the emerging conservation technology that aims to save woodland and move wildlife from the path of damaging development.
590 _aWB
650 _aTRANSLOCATION
650 _aWOODLAND
650 _aPROPERTY DEVELOPMENT
650 _aROADBUILDING
650 _aENVIRONMENTAL MANAGEMENT
650 _aNATURE CONSERVATION
690 _aRURAL-NATURE CONSERVATION
942 _n0
999 _c63476
_d63476